01018nam a2200265 i 450000100060000000300090000600500170001500700030003200800410003502000180007608000110009410000350010524501080014026001060024830000220035449000330037650400330040965000300044270000280047270000390050083000410053985200330058099900170061395201220063013422ES-MaACL20250728095015.0t|980309s1996 ck ||||1| spa d a958-665-001-4 a330.821 aDworkin, R. M. (1931-)914824813aLa comunidad liberal / cRonald Dworkin ; estudio preliminar Daniel Bonilla, Isabel Cristina Jaramillo. aSantafé de Bogotá : bSiglo del Hombre : bUniversidad de los Andes, Facultad de Derecho, c1996. a191 p. ; c19 cm.1 aNuevo pensamiento jurídico aBibliografía : p. 185-191.17aLiberalismo2embne9143861 aBonilla, Daniel.9301751 aJaramillo, Isabel Cristina.9661010 aNuevo pensamiento jurídico9228412 aES-MaACLjL-20769 bR.125797 c13422d13422 00104070aATENEOMbATENEOMcDEPO2d2008-01-17eSCl0oL-20769p1013665r2023-02-23 00:00:00w2023-02-23yMONOGRAFIA